Sports Quiz

Random Sports Quiz

Every match in WCW Nitro History: 1999 (Sep - Oct) Quiz Stats

 Plays Quiz not verified by Sporcle

Challenge
Share
Tweet
Embed
Score 0/209 Timer 15:00
0 Plays Today
Hint Answer % Correct
9/6/99Dean Malenko
100%
9/6/99Dean Malenko
100%
9/13/99Dean Malenko
100%
9/13/99Stevie Ray
100%
9/13/99Booker T
100%
9/13/99Sting
100%
9/20/99Sting
100%
9/27/99Booker T
100%
9/27/99Stevie Ray
100%
9/27/99Dean Malenko
100%
9/27/99Sting
100%
10/4/99Dean Malenko
100%
10/4/99Sting
100%
10/11/99Dean Malenko
100%
10/18/99Booker T
100%
10/18/99Stevie Ray
100%
10/18/99Sting
100%
10/25/99Dean Malenko
100%
10/25/99Booker T
100%
10/25/99Stevie Ray
100%
10/25/99Sting
100%
9/6/99Eddie Guerrero
97.1%
9/6/99Chris Benoit
97.1%
9/6/99Saturn
97.1%
9/6/99Rick Steiner
97.1%
9/6/99Chavo Guerrero Jr
97.1%
9/6/99Saturn
97.1%
9/6/99Juventud Guerrera
97.1%
9/6/99Chris Benoit
97.1%
9/6/99Hulk Hogan
97.1%
9/13/99Chris Benoit
97.1%
9/13/99Chris Benoit
97.1%
9/13/99Eddie Guerrero
97.1%
9/13/99Saturn
97.1%
9/13/99Rick Steiner
97.1%
9/13/99Lex Luger
97.1%
9/13/99Hulk Hogan
97.1%
9/20/99Juventud Guerrera
97.1%
9/20/99Eddie Guerrero
97.1%
9/20/99Chris Benoit
97.1%
9/20/99Saturn
97.1%
9/27/99Chris Benoit
97.1%
9/27/99Lex Luger
97.1%
9/27/99Rick Steiner
97.1%
9/27/99Saturn
97.1%
10/4/99Juventud Guerrera
97.1%
10/4/99Chris Benoit
97.1%
10/4/99Hulk Hogan
97.1%
10/4/99Lex Luger
97.1%
10/11/99Saturn
97.1%
10/11/99Stevie Ray
97.1%
10/11/99Saturn
97.1%
10/11/99Horace Hogan
97.1%
10/11/99Lex Luger
97.1%
10/11/99Chris Benoit
97.1%
10/11/99Rick Steiner
97.1%
10/18/99Juventud Guerrera
97.1%
10/18/99Saturn
97.1%
10/18/99Chavo Guerrero Jr
97.1%
10/18/99Rick Steiner
97.1%
10/18/99Eddie Guerrero
97.1%
10/18/99Horace Hogan
97.1%
10/18/99Lex Luger
97.1%
10/25/99Rick Steiner
97.1%
10/25/99Lex Luger
97.1%
10/25/99Eddie Guerrero
97.1%
10/25/99Chris Benoit
97.1%
10/25/99Saturn
97.1%
9/6/99Curt Hennig
94.1%
9/6/99Kidman
94.1%
Hint Answer % Correct
9/6/99Goldberg
94.1%
9/6/99Diamond Dallas Page
94.1%
9/13/99Bret Hart
94.1%
9/20/99Diamond Dallas Page
94.1%
9/20/99Booker T
94.1%
9/20/99Rey Mysterio Jr
94.1%
9/20/99Goldberg
94.1%
9/20/99Kidman
94.1%
9/27/99Konnan
94.1%
9/27/99Kidman
94.1%
9/27/99Rey Mysterio Jr
94.1%
9/27/99Goldberg
94.1%
9/27/99Bret Hart
94.1%
9/27/99Diamond Dallas Page
94.1%
10/4/99Rey Mysterio Jr
94.1%
10/4/99Kidman
94.1%
10/4/99Bret Hart
94.1%
10/4/99Goldberg
94.1%
10/4/99Diamond Dallas Page
94.1%
10/4/99Curt Hennig
94.1%
10/11/99Rey Mysterio Jr
94.1%
10/11/99Kidman
94.1%
10/11/99Rey Mysterio Jr
94.1%
10/11/99Goldberg
94.1%
10/11/99Meng
94.1%
10/11/99Konnan
94.1%
10/11/99Curt Hennig
94.1%
10/11/99Bret Hart
94.1%
10/18/99Rey Mysterio Jr
94.1%
10/18/99Kidman
94.1%
10/18/99Konnan
94.1%
10/18/99Meng
94.1%
10/18/99Goldberg
94.1%
10/18/99Bret Hart
94.1%
10/25/99Rey Mysterio Jr
94.1%
10/25/99Meng
94.1%
10/25/99Kidman
94.1%
10/25/99Curt Hennig
94.1%
10/25/99Konnan
94.1%
10/25/99Kidman
94.1%
10/25/99Goldberg
94.1%
10/25/99Bret Hart
94.1%
10/25/99Diamond Dallas Page
94.1%
9/6/99The Barbarian
91.2%
9/6/99Kendall Windham
91.2%
9/6/99Barry Windham
91.2%
9/6/99Barry Windham
91.2%
9/6/99Kendall WIndham
91.2%
9/6/99Sid Vicious
91.2%
9/6/99Psychosis
91.2%
9/13/99Barry Windham
91.2%
9/13/99Kendall Windham
91.2%
9/13/99Berlyn
91.2%
9/20/99Berlyn
91.2%
9/20/99Psychosis
91.2%
9/27/99Berlyn
91.2%
9/27/99Psychosis
91.2%
9/27/99Barry Windham
91.2%
9/27/99Kendall Windham
91.2%
10/4/99Psychosis
91.2%
10/4/99Sid Vicious
91.2%
10/11/99Berlyn
91.2%
10/11/99La Parka
91.2%
10/11/99Sid VIcious
91.2%
10/18/99La Parka
91.2%
10/18/99Berlyn
91.2%
9/6/99Buff Bagwell
88.2%
9/6/99Hugh Morrus
88.2%
9/6/99Hugh Morrus
88.2%
9/13/99Hugh Morrus
88.2%
Hint Answer % Correct
9/13/99Disco Inferno
88.2%
9/13/99Norman Smiley
88.2%
9/13/99Buff Bagwell
88.2%
9/20/99Ric Flair
88.2%
9/27/99Hugh Morrus
88.2%
9/27/99Buff Bagwell
88.2%
9/27/99Ric Flair
88.2%
10/4/99Disco Inferno
88.2%
10/4/99Buff Bagwell
88.2%
10/4/99Ric Flair
88.2%
10/11/99Disco Inferno
88.2%
10/11/99Ric Flair
88.2%
10/11/99Norman Smiley
88.2%
10/18/99Hugh Morrus
88.2%
10/18/99Disco Inferno
88.2%
10/18/99Madusa
88.2%
10/18/99Norman Smiley
88.2%
10/18/99Buff Bagwell
88.2%
10/25/99Norman Smiley
88.2%
10/25/99Madusa
88.2%
10/18/99David Flair
85.3%
10/25/99Bam Bam Bigelow
85.3%
10/25/99David Flair
85.3%
9/6/99Brian Knobbs
79.4%
9/13/99Brian Knobbs
79.4%
9/20/99Brian Knobbs
79.4%
10/11/99Brian Knobbs
79.4%
10/25/99Brian Knobbs
79.4%
9/6/99Lodi
76.5%
9/6/99Shane Douglas
76.5%
9/6/99Shane Douglas
76.5%
9/13/99David Taylor
76.5%
9/13/99Lenny
76.5%
9/13/99Lodi
76.5%
9/20/99Lenny
76.5%
9/20/99Kanyon
76.5%
9/27/99Vampiro
76.5%
10/4/99Brian Adams
76.5%
10/18/99Vampiro
76.5%
9/6/99Lord Steven Regal
73.5%
9/13/99Lord Steven Regal
73.5%
9/6/99Evan Karagias
70.6%
9/20/99Evan Karagias
70.6%
9/27/99Evan Karagias
70.6%
9/27/99Van Hammer
70.6%
10/11/99Van Hammer
70.6%
10/18/99Evan Karagias
70.6%
9/6/99Vincent
67.6%
9/27/99The Cat
67.6%
10/11/99Kaz Hayashi
67.6%
9/6/99Jerry Flynn
64.7%
9/6/99Jerry Flynn
64.7%
10/4/99Brad Armstrong
64.7%
10/4/99Jerry Flynn
64.7%
10/11/99Brad Armstrong
64.7%
9/6/99Prince Iaukea
61.8%
9/13/99Shaggy 2 Dope
58.8%
9/13/99Violent J
58.8%
9/20/99Shaggy 2 Dope
58.8%
9/20/99Scott Armstrong
58.8%
10/18/99Mona
58.8%
10/25/99Lash LeRoux
58.8%
9/6/99Blitzkrieg
55.9%
9/13/99Silver King
55.9%
9/20/99Blitzkrieg
55.9%
9/6/99Barry Horowitz
35.3%
9/6/99Al Green
32.4%
9/6/99Johnny Swinger
20.6%
9/13/99Erik Watts
20.6%

You're not logged in!

Compare scores with friends on all Sporcle quizzes.
Join for Free
OR
Log In

You Might Also Like...

Show Comments

Extras

Created Dec 31, 2016ReportNominate
Tags:1999, nitro, wcw, WCW Nitro

Top Quizzes Today


Score Distribution

Your Account Isn't Verified!

In order to create a playlist on Sporcle, you need to verify the email address you used during registration. Go to your Sporcle Settings to finish the process.

Report this User

Report this user for behavior that violates our Community Guidelines.

Details: